00661nam a22001097a 4500040000800000082002700008100002200035245035600057260002600413300002500439856008700464 cRUA aAVM KAN 2009 B086 Or.1 aKANG, SUNGCHHANG. aThe study on digestibility of local cattle feed rice straw treated urea include burned ash, ការសិក្សាលើលទ្ធភាពរំលាយអាហាររបស់គោក្នុងស្រុកដោយប្រើប្រាស់ចំបើងផ្អាប់ជាមួយអ៊ុយរ៉េ និងផេះ aPhnom PenhbRUAc2009 ax; 48p.bill.c29cm. uhttps://drive.google.com/file/d/1R2KgdC4mTG4-YwQelgvrCP2Gh-ie9jwW/view?usp=sharing